Manual prt̀ico de higiene ocupacional e PPRA. Avaliaȯ̂ e Controle dos Riscos Ambientais /

Detalles Bibliográficos
Autor principal: Messias Saliba, Tuffi
Formato: eBook
Lenguaje:portugués
Publicado: San Pablo: LTR Editora, 2014
Materias:
Acceso en línea:Acceso restringido

MARC

LEADER 00000nam a22000007a 4500
005 20140710234114.0
007 cr|||| |||
008 140710s2014 br |||||s|||| 00||0 por d
020 |a 978-85-361-2838-2 
035 |a 12232 
040 |a vLex 
090 |c 5019  |d 5019 
100 1 |a Messias Saliba, Tuffi 
245 1 0 |a Manual prt̀ico de higiene ocupacional e PPRA.  |h [Recurso electrn̤ico] :  |b Avaliaȯ̂ e Controle dos Riscos Ambientais /  |c Tuffi Messias Saliba 
256 |a Servicio en ln̕ea 
260 |a San Pablo:  |b LTR Editora,  |c 2014 
300 |a 1 recurso electrn̤ico 
500 |a Este livro aborda de maneira objetiva os procedimentos e a metodologia do reconhecimento, da avaliaȯ̂ e do controle dos agentes ambientais, bem como os programas normalizados sobre o tema, especialmente o PPRA. 
506 1 |a Disponible solo en los productos indicados  |d vLex Global  |d vLex Global (Academic Edition, excluding Law Schools)  |d vLex Global (U.S. Academic Edition, Law Schools)  |d vLex Global (U.S. Academic Edition, excluding Law Schools)  |d vLex Global (Academic Edition, Law Schools) 
650 0 4 |a Derecho Laboral y Seguridad Social  |z Brasil 
740 0 |a vLex Libros (Servicio en ln̕ea) 
856 4 0 |u http://vlex.com/source/manual-pratico-de-higiene-ocupacional-e-ppra-avalia-o-e-controle-dos-riscos-ambientais-12232  |z Acceso restringido 
942 |c BOOK 
999 0 |a Labor Law and Social Security